000 00359nam a2200145Ia 4500
008 230917s9999||||xx |||||||||||||| ||und||
040 _e45073
_aMAIN
041 _aEnglish
082 _a801.95 S15M
100 _aSlaughter, Cliff
245 0 _aMarxism, ideology and literature
260 _aLondon
_bMacmillan
_c1980
300 _aix p. ; 228
942 _cBK
999 _c216571
_d216571